| 000 | 01101nam0a22002531 4500 | ||
|---|---|---|---|
| 001 | rc\4988494 | ||
| 005 | 20130430132125.5 | ||
| 035 | _a(NLR Aleph) 008971111 | ||
| 090 |
_a9125356 _c9125356 |
||
| 100 | _a20130430d1964 |||y0rusy50 ca | ||
| 101 | 0 | _arus | |
| 102 | _aRU | ||
| 105 | _aa z ||||| | ||
| 200 | 1 |
_aОпыт внедрения резцов с многогранными неперетачиваемыми пластинками _f[Гос. Ком. Совета Министров РСФСР по координации науч.-исслед. работ. Гос. Науч.-исслед. ин-т науч. и техн. информации] |
|
| 210 |
_aМосква _cБ. и. _d1964 |
||
| 215 |
_a6 с. _cчерт. _d15 |
||
| 225 | 1 |
_aПередовой научно-технический и производственный опыт _v№ 24-64-363/129 |
|
| 700 | 1 |
_aСамойлов _bВ. С. _gВладимир Сергеевич |
|
| 701 | 1 |
_aБатталов _bШ. Г. |
|
| 801 | 0 |
_aRU _bNLR _gpsbo |
|
| 801 | 1 |
_aRU _bELAR _2rusmarc |
|
| 852 |
_aNLR _jП11/2295 |
||
| 942 | _cBOOK | ||
| 980 | _aNB | ||